Kalendárium : (leden-prosinec 1986) /

Hlavní autor: Ruml, Jiří, 1925-2004
Jazyk: Čeština
Vydáno: Praha : Novinář, 1990
Vydání: 1. vyd.
Témata:
Externí odkaz: Digitalizovaný dokument
Fyzický popis: 91 s.
Knihy
Uloženo v:
LEADER 00996nam a22002772a 4500
001 000199083
003 CZ BrMZK
005 20060510134235.0
007 ta
008 970103s1990 xr f cze d
015 |a cnb000533361 
020 |a 80-7077-336-7 
035 |a (OCoLC)31125862 
040 |a BOA001  |b cze 
080 |a 323(437)  |2 MRF 
100 1 |a Ruml, Jiří,  |d 1925-2004  |7 jk01103056  |4 aut 
245 1 0 |a Kalendárium :  |b (leden-prosinec 1986) /  |c Jiří Ruml 
250 |a 1. vyd. 
260 |a Praha :  |b Novinář,  |c 1990 
300 |a 91 s. 
856 4 1 |u http://www.digitalniknihovna.cz/mzk/uuid/uuid:3140da50-2b62-11e3-8d9d-005056827e51  |y Digitalizovaný dokument  |x NDK 
910 |a BOA001  |b TK-0244.697  |b 2-0957.342 
964 |a Československo - r. 1968 - dějiny 
990 |a BK 
996 7 |b 2619228488  |c 2-0957.342  |l MZK  |r Sklad / do 1 hodiny  |n 2  |w 000199083  |u 000020  |a 1  |e BOA001  |j MZK50  |s A 
996 7 |b 2629992680  |c TK-0244.697  |l MZK  |r Sklad / do 24 hodin  |n 2  |w 000199083  |u 000010  |a 1  |e BOA001  |j MZK50  |s A